00478nam a2200181Ia 4500999001700000003000400017005001700021008004100038020001500079040000900094082002000103100002700123245003100150260004000181300000900221650002000230942004600250 c28007d28007OSt20201130114413.0190216s9999||||xx |||||||||||||| ||und|| a8171308651 coclc a894.8123bMOH/C aMohanavarma, K L96455 0aChambal /cK L Mohanavarma bD C Books Kerala,c1998.aKottayam: a203p aMalayalam Novel cBK2ddch894.8123iMOH/Ck894.8123mMOH/C